[Event "AUTO-ADV-4089"]
[Site "http://www.queenalice.com/game.php?id=1548597"]
[Date "2018.11.8"]
[Round "1"]
[White "roda"]
[Black "jambalaya"]
[Result "1-0"]
[WhiteElo "1992"]
[BlackElo "1857"]

1. e4 Nf6 2. Nc3 d5 3. e5 Nfd7 4. Nf3 e6 5. d4 c5 6. Bb5 a6 7. Bxd7+ Bxd7 8. O-O
Be7 9. dxc5 O-O 10. b4 Bb5 11. Re1 b6 12. a4 Bc6 13. Be3 Nd7 14. Nd4 Nxe5 15.
Bf4 Ng6 16. Nxc6 Qd7 17. Nxe7+ Nxe7 18. cxb6 Nc6 19. b5 Na5 20. Qe2 Rfc8 21. Bd2
Qb7 22. Be3 Rxc3 23. Bd4 Rc4 24. Qe5 f6 25. Qxe6+ Kf8 26. Qd6+ Kg8 27. Re7 Qb8
28. Rxg7+ Kxg7 29. Qxf6+ 1-0

[Event "AUTO-ADV-4089"]
[Site "http://www.queenalice.com/game.php?id=1548598"]
[Date "2018.11.8"]
[Round "1"]
[White "jambalaya"]
[Black "roda"]
[Result "0-1"]
[WhiteElo "1818"]
[BlackElo "2030"]

1. Nf3 b6 2. c4 Bb7 3. b3 Nc6 4. g3 e5 5. d3 Nf6 6. Bg2 Bc5 7. O-O O-O 8. Nbd2
Nd4 9. Bb2 Rb8 10. a4 Nxf3+ 11. Nxf3 d6 12. Ba3 Bxf3 13. exf3 Bd4 14. Rb1 a5 15.
Bb2 Bxb2 16. Rxb2 c5 17. Rd2 h6 18. Re1 Re8 19. Re3 d5 20. Re1 d4 21. Rc2 Nd7
22. Qc1 Qf6 23. Rce2 Re7 24. f4 Rbe8 25. Qd2 Kh7 26. Re4 Qg6 27. fxe5 Nxe5 28.
h3 f5 29. Qe2 Kh8 30. Rxe5 Rxe5 31. Qxe5 Rxe5 32. Rxe5 Qg5 33. f4 Qxg3 34. Re2
Qxd3 35. Re8+ Kh7 0-1

[Event "AUTO-ADV-4089"]
[Site "http://www.queenalice.com/game.php?id=1548599"]
[Date "2018.11.8"]
[Round "1"]
[White "roda"]
[Black "jcso"]
[Result "1-0"]
[WhiteElo "2017"]
[BlackElo "1930"]

1. e4 e5 2. Nf3 Nc6 3. Bb5 a6 4. Ba4 h6 5. O-O Nf6 6. Bxc6 dxc6 7. Nxe5 Nxe4 8.
d3 Nf6 9. Qf3 Bd6 10. Nxc6 bxc6 11. Qxc6+ 1-0

[Event "AUTO-ADV-4089"]
[Site "http://www.queenalice.com/game.php?id=1548600"]
[Date "2018.11.8"]
[Round "1"]
[White "jcso"]
[Black "roda"]
[Result "0-1"]
[WhiteElo "1944"]
[BlackElo "2003"]

1. e4 e5 2. Nf3 Nc6 3. Bb5 a6 4. Ba4 Nf6 5. h3 Bc5 6. Bb3 O-O 7. O-O Nxe4 8. d3
Nd6 9. Nc3 Bd4 10. Nd5 Ne7 11. Nxe7+ Qxe7 0-1

[Event "Challenge"]
[Site "http://www.queenalice.com/game.php?id=1552196"]
[Date "2018.12.8"]
[Round "-"]
[White "WLAO"]
[Black "roda"]
[Result "0-1"]
[WhiteElo "1605"]
[BlackElo "2052"]

1. d4 e6 2. e4 d5 3. Qf3 Nf6 4. e5 Nfd7 5. Bb5 c6 6. Bd3 Be7 7. Qh5 g6 8. Qh6
Bf8 9. Qf4 Bg7 10. Nf3 c5 11. Bb5 O-O 12. c3 a6 13. Bxd7 Nxd7 14. a3 c4 15. b4
b5 16. Nbd2 a5 17. bxa5 Qxa5 18. Nb1 Nb6 19. O-O Na4 20. Be3 Nxc3 21. Nxc3 Qxc3
22. Bd2 Qb3 23. Rfb1 Qa4 24. Bb4 Rd8 25. Qg5 Rd7 26. h4 h6 27. Qf4 Qc2 28. Rc1
Qd3 29. Ne1 Qe2 30. Nf3 f6 31. Re1 Qc2 32. exf6 Rf7 33. Qd6 Rxf6 34. Qd8+ Kh7
35. Be7 Rf7 36. Ne5 Qxf2+ 37. Kh2 Bxe5+ 38. Rxe5 Qxd4 39. Rae1 g5 40. hxg5 Qh4+
41. Kg1 hxg5 42. Bxg5 Qf2+ 43. Kh2 Bb7 44. Qd6 d4 45. Qxe6 Qxg2# 0-1

[Event "Challenge"]
[Site "http://www.queenalice.com/game.php?id=1559662"]
[Date "2019.2.4"]
[Round "-"]
[White "Magogue"]
[Black "roda"]
[Result "1-0"]
[WhiteElo "1847"]
[BlackElo "2056"]

1. e4 e5 2. Nf3 d6 3. d4 Qf6 4. dxe5 dxe5 5. Qd5 Bd6 6. Bg5 Qe6 7. Bc4 Qxd5 8.
Bxd5 c6 9. Bb3 Bg4 10. Nbd2 f6 11. Bh4 Nd7 12. h3 Bh5 13. g4 Bg6 14. O-O-O Nc5
15. Rhe1 O-O-O 16. Bg3 Ne7 17. Nh4 Kb8 18. f3 a5 19. a3 Kc7 20. Ba2 Nc8 21. Nc4
Bf7 22. Kb1 a4 23. Bf2 Na7 24. Nxd6 Bxa2+ 25. Kxa2 b6 26. Bxc5 bxc5 27. Nc4 Rd4
28. Ne3 g6 29. c3 Rxd1 30. Rxd1 Rb8 31. Nc4 Nb5 32. Ng2 g5 33. Nge3 Rh8 34. Nf5
h5 35. Ng7 hxg4 36. Ne6+ Kb8 37. hxg4 Kc8 38. Nxc5 Rh2 39. Nxa4 Kc7 40. Rd2 Rh3
41. Rd3 Kb7 42. Kb3 Kc7 43. Nab6 Rh7 44. a4 Na7 45. Na8+ Kb8 46. Nab6 Kc7 47.
Rd6 Rf7 48. Kb4 Rf8 49. Kc5 Nc8 50. Rxc6+ Kb7 51. Nxc8 Rxc8 52. Nd6+ 1-0

[Event "Challenge"]
[Site "http://www.queenalice.com/game.php?id=1559663"]
[Date "2019.2.4"]
[Round "-"]
[White "roda"]
[Black "Magogue"]
[Result "0-1"]
[WhiteElo "2032"]
[BlackElo "1964"]

1. c4 e5 2. e4 Nf6 3. d3 h6 4. Nf3 d6 5. Nc3 c6 6. Be2 Bg4 7. O-O Be7 8. h3 Bxf3
9. Bxf3 O-O 10. Be3 Nbd7 11. Qb3 b6 12. Qd1 a5 13. a4 Nh7 14. Be2 f5 15. exf5
Rxf5 16. Bg4 Rf8 17. Qd2 Bg5 18. Ne4 Bxe3 19. Qxe3 Ndf6 20. f4 Nxg4 21. hxg4
exf4 22. Rxf4 Rxf4 23. Qxf4 d5 24. Nd6 Qf6 25. Qxf6 Nxf6 26. Re1 dxc4 27. Nxc4
b5 28. axb5 cxb5 29. Ne3 Rd8 30. Rd1 Re8 31. Kf2 Rf8 32. Nf5 Nxg4+ 33. Kg3 Rxf5
34. Kxg4 Rg5+ 35. Kf3 Kf7 36. g4 Ke6 37. Kf4 Kd5 38. d4 a4 39. Ra1 Kxd4 40. Re1
Kc4 41. Re3 b4 42. Rf3 Ra5 43. Kg3 Ra7 44. Kh4 a3 45. Rf4+ Kb3 46. bxa3 bxa3 47.
Rf3+ Kc2 48. Rf2+ Kb3 49. Rf3+ Kc4 50. Rf4+ Kd3 51. Kh5 a2 52. Rf1 a1=Q 53. Rxa1
Rxa1 54. Kg6 Ke4 55. Kxg7 Ra6 56. Kh7 Kf4 0-1

[Event "Challenge"]
[Site "http://www.queenalice.com/game.php?id=1564565"]
[Date "2019.3.17"]
[Round "-"]
[White "roda"]
[Black "Olavio"]
[Result "1-0"]
[WhiteElo "2054"]
[BlackElo "1502"]

1. e4 e5 2. Nf3 Bc5 3. Nxe5 d5 4. Qf3 Nf6 5. d3 Nc6 6. Nxc6 bxc6 7. e5 Ng4 8.
Bf4 Bxf2+ 9. Kd1 Bd4 10. Bg3 Qg5 11. Bf4 Qh4 12. Bg3 Qh5 13. Be2 Rb8 14. c3 Be3
15. h3 Rxb2 16. d4 Bf5 17. Na3 Bd2 18. c4 1-0

[Event "AUTO-ADV-4089"]
[Site "http://www.queenalice.com/game.php?id=1586999"]
[Date "2019.10.16"]
[Round "2"]
[White "roda"]
[Black "Sigmund"]
[Result "1-0"]
[WhiteElo "1996"]
[BlackElo "1777"]

1. e4 e5 2. Nf3 Nc6 3. Bb5 a6 4. Bxc6 dxc6 5. d3 h6 6. Nxe5 Qf6 7. d4 Bd6 8. Nc4
Qe6 9. Nbd2 Bf4 10. O-O b5 11. Na3 b4 12. Nab1 Nf6 13. d5 cxd5 14. Re1 O-O 15.
exd5 Qxd5 16. Nf3 Bxc1 17. Qxc1 Bb7 18. Nbd2 c5 19. Re5 Qc6 20. h3 Rfe8 21. Qe1
c4 22. c3 Re6 23. Qf1 a5 24. Nd4 Qd6 25. Nxc4 Qe7 26. Nxe6 fxe6 27. Rae1 Ra6 28.
Nxa5 bxc3 29. bxc3 Qa3 30. Nxb7 Rb6 31. Nd8 Qxa2 32. Nxe6 Nd7 33. R5e3 Qa7 34.
Rg3 1-0

[Event "AUTO-ADV-4089"]
[Site "http://www.queenalice.com/game.php?id=1587000"]
[Date "2019.10.16"]
[Round "2"]
[White "Sigmund"]
[Black "roda"]
[Result "0-1"]
[WhiteElo "1785"]
[BlackElo "1988"]

1. e4 e5 2. c4 c5 3. Nf3 d6 4. Be2 Nf6 5. d3 h6 6. Nc3 Nc6 7. O-O Be7 8. a3 O-O
9. Be3 a6 10. h3 b6 11. b4 cxb4 12. axb4 Nxb4 13. Qb3 a5 14. Rfd1 Bb7 15. Ra4
Bc6 16. Nb5 Bxb5 17. cxb5 d5 18. Nxe5 d4 19. Bd2 Bd6 20. Nc6 Qc7 21. Rc1 Rfe8
22. Nxb4 Qd7 23. Nd5 Nh7 24. Nxb6 Bh2+ 25. Kh1 Qd6 26. Nxa8 Rxa8 27. Bf3 Be5 28.
Bxa5 Qf6 29. b6 Qf4 0-1

[Event "AUTO-ADV-4089"]
[Site "http://www.queenalice.com/game.php?id=1587001"]
[Date "2019.10.16"]
[Round "2"]
[White "roda"]
[Black "roserl"]
[Result "0-1"]
[WhiteElo "2003"]
[BlackElo "1852"]

1. d4 d5 2. Nc3 Nf6 3. g3 Bf5 4. Bg2 e6 5. Bg5 Be7 6. Nf3 Nbd7 7. O-O O-O 8. Nh4
Bg6 9. Nf3 c6 10. Nh4 Bh5 11. Qd2 Ng4 0-1

[Event "AUTO-ADV-4089"]
[Site "http://www.queenalice.com/game.php?id=1587002"]
[Date "2019.10.16"]
[Round "2"]
[White "roserl"]
[Black "roda"]
[Result "1-0"]
[WhiteElo "1930"]
[BlackElo "1981"]

1. e4 e5 2. f4 d6 3. Nf3 Nf6 4. Nc3 exf4 5. d4 Nxe4 6. Nxe4 d5 7. Nf2 Bd6 8. Bd3
O-O 9. O-O Nc6 10. h3 Nb4 11. Bb5 c6 12. Ba4 b5 13. Bb3 Bf5 14. c3 Na6 15. Nd3
Bxd3 16. Qxd3 Qb6 17. Bc2 g6 18. Kh1 c5 19. dxc5 Qxc5 20. Nd4 Nc7 21. Bxf4 Bxf4
22. Rxf4 a6 23. Raf1 Ne6 24. Nxe6 fxe6 25. Qf3 a5 26. Rxf8+ Rxf8 27. Qxf8+ Qxf8
28. Rxf8+ Kxf8 29. g4 e5 30. Kg2 Ke7 31. Kf3 Ke6 32. b3 e4+ 33. Kf4 h6 34. h4
1-0